6-Letter European Capitals Quiz Stats

Quiz Updated Aug 27, 2014

Challenge
Share
Tweet
Embed
Score 0/15 Timer 03:00
8 Plays Today
% Correct
London
95.9%
Madrid
90.9%
Berlin
89.7%
Lisbon
83.6%
Dublin
79.2%
Athens
78%
Moscow
77.8%
Warsaw
74.4%
% Correct
Vienna
70.8%
Prague
69.8%
Ankara
51.9%
Zagreb
50.1%
Monaco
49.5%
Tirana
38.2%
Skopje
37.7%

You're not logged in!

Compare scores with friends on all Sporcle quizzes.
Sign Up with Email
OR
Log In

You Might Also Like...

Show Comments

Extras

Top Quizzes Today


Score Distribution

Your Account Isn't Verified!

In order to create a playlist on Sporcle, you need to verify the email address you used during registration. Go to your Sporcle Settings to finish the process.